| Tag |
First Indicator |
Second Indicator |
Subfields |
| LEADER |
00000nam a2200000Ia 4500 |
| 001 |
in00004292425 |
| 005 |
20200810080207.0 |
| 006 |
m g d |
| 007 |
cr bn |||a|bb| |
| 008 |
851003s1667 stk o 00| | eng d |
| 035 |
|
|
|a (OCoLC)12630850
|
| 040 |
|
|
|a EAA
|c EAA
|d UMI
|d OCL
|d m/c
|d WaOLN
|
| 037 |
|
|
|a CL0037000009
|b ProQuest Information and Learning. 300 N. Zeeb Rd., Ann Arbor, MI 48106
|
| 043 |
|
|
|a e-uk-st
|
| 090 |
|
|
|a BX9075.A5
|b S74 1693
|
| 049 |
|
|
|a UMIA
|
| 100 |
1 |
|
|a Stewart, James,
|c Sir,
|d 1635-1713.
|
| 245 |
1 |
0 |
|a Naphtali, or, The wrestlings of the Church of Scotland for the kingdom of Christ :
|b contained in a true and short deduction thereof, from the beginning of the reformation of religion, until the year 1667 : together with the last speeches and testimonies of some who have died for the truth since the year 1660 : whereunto are also subjoyned, a relation of the sufferings and death of Mr. Hew McKail ...
|
| 260 |
|
|
|a [Edinburgh :
|b publisher not identified],
|c 1667.
|
| 300 |
|
|
|a 1 online resource ([78], 306 pages)
|
| 336 |
|
|
|a text
|b txt
|2 rdacontent
|
| 337 |
|
|
|a computer
|b c
|2 rdamedia
|
| 338 |
|
|
|a online resource
|b cr
|2 rdacarrier
|
| 500 |
|
|
|a Joint authorship attributed to James Steuart and James Stirling. Cf. BM; Halkett and Laing (2nd edition).
|
| 500 |
|
|
|a Place of publication from Wing.
|
| 500 |
|
|
|a Errata: pages [78].
|
| 500 |
|
|
|a Reproduction of original in Yale University Library.
|
| 510 |
4 |
|
|a Wing
|c S5683
|
| 533 |
|
|
|a Electronic reproduction.
|b Ann Arbor, Mich. :
|c UMI,
|d 1999-
|f (Early English books online)
|n Digital version of: (Early English books, 1641-1700 ; 336:1)
|7 s1999 miun s
|
| 610 |
2 |
0 |
|a Church of Scotland
|x History.
|
| 600 |
1 |
0 |
|a Mackail, Hugh,
|d 1640?-1666.
|
| 650 |
|
0 |
|a Christian martyrs
|z Scotland.
|
| 700 |
1 |
|
|a Stirling, James,
|d 1631-1672?
|
| 740 |
0 |
|
|a Naphtali.
|
| 740 |
0 |
|
|a Wrestlings of the Church of Scotland for the kingdom of Christ.
|
| 830 |
|
0 |
|a Early English books online.
|
| 856 |
4 |
0 |
|u http://proxy.library.tamu.edu/login?url=https://search.proquest.com/docview/2240960421
|z Connect to the full text of this electronic book
|t 0
|
| 999 |
f |
f |
|s 892dd492-c5ae-3a21-b806-4605f3aad7f3
|i b5907d55-1715-368a-a723-ac403058cade
|t 0
|
| 952 |
f |
f |
|a Texas A&M University
|b College Station
|c Electronic Resources
|d Available Online
|t 0
|e BX9075.A5 S74 1693
|h Library of Congress classification
|
| 998 |
f |
f |
|a BX9075.A5 S74 1693
|t 0
|l Available Online
|